000
00315nam a22001337a 4500
008
180928b xxu||||| |||| 00| 0 eng d
020
_a
9780805321852
041
_a
eng
080
_a
541
100
_a
12
101
_a
KIM
245
_a
General Organic And Biological Chemiatry
_c
Karen /c.t
942
_2
udc
_c
BK
999
_c
48693
_d
48693